• 首页
  • 本馆介绍
  • 公告通知
  • 最新文献
  • 馆藏检索
  • 电子资源
  • 读者导购
  • 参考咨询
  • 我的图书馆
  • 登录
  • 详细信息显示
  • 放入我的书架
  • 预约/预借图书
  • 作者相关作品
  • 分类相关作品
  • 丛书相关作品
  • 出版社相关作品

书目信息

  • 表格格式
  • 工作单格式
  • 卡片格式
题名:
中国古代造船与航海
    
 
作者: 张静芬 著
分册:  
出版信息: 天津   天津教育出版社  1991.11
页数: 122页
开本: 19cm
丛书名: 中国文化史知识丛书
单 册:
中图分类: F552.9 , F426.474
科图分类:
主题词: 航海--中国--古代 , 造船工业--中国--古代
电子资源:
ISBN: 978-7-5309-1234-8
000 00862nam2 2200277 450
001 0100363997
005 20020928000000.0
010    @a978-7-5309-1234-8@dCNY2.25
100    @a19920815d1991 em y0chiy0110 ea
101 0  @achi
102    @aCN@b120000
105    @af z 000yy
106    @ar
200 1  @a中国古代造船与航海@9Zhong Guo Gu Dai Zao Chuan Yu Hang Hai @f张静芬著@b专著
210    @a天津@c天津教育出版社@d1991.11
215    @a122页@c彩图@d19cm
225 2  @a中国文化史知识丛书@f任继愈主编
330    @a本书介绍了中国古代船舶变迁的历史,以及历史上重大的航海事件,航海器具。
410  0 @12001 @a中国文化史知识丛书
606 0  @a航海@y中国@z古代
606 0  @a造船工业@y中国@z古代
690    @aF552.9
690    @aF426.474
701  0 @a张静芬@9zhang jing fen@4著
801  0 @aCN@bAiZhiMarc@c19920815
905    @aBZT@dF552.9@e17@f3@sF552.9/17
    
    中国古代造船与航海/张静芬著.-天津:天津教育出版社,1991.11
    122页:彩图;19cm.-(中国文化史知识丛书/任继愈主编)
    
    
    ISBN 978-7-5309-1234-8:CNY2.25
    本书介绍了中国古代船舶变迁的历史,以及历史上重大的航海事件,航海器具。
●
相关链接 在五车中查询图书 在当当中查询图书 在豆瓣中查询图书


正题名:中国古代造船与航海     索取号:F552.9/17         预约/预借

序号 登录号 条形码 馆藏地/架位号 状态 备注
山东省滨州职业学院图书馆 欢迎您!
大连网信软件有限公司© 版权所有